Score 0/48 Timer 20:00
0 Plays Today
% Correct
Mentors
74.6%
The Star Crossed Lovers
72.7%
The Unfaithful Wife
69.5%
The Outcast
68.5%
The Damsel in Distress
66.4%
The Unhealable Wound
65.2%
The Creature of Nightmare
65.1%
The Evil Figure with the Ultimate Good Heart
64.8%
The Earth Mother
62.1%
The Devil Figure
61.3%
Nature vs Mechanistic
60.6%
The Young Man from the Provinces
60.1%
The Temptress
60.1%
The Magic Weapon
59.4%
Hero
58.8%
Loyal Retainers
58.5%
Instinct vs Educated Stupidity
56.6%
Hunting Group of Companions
55.1%
The Task
53.9%
The Small Town
52.7%
The Initiates
51.2%
The Fall
48%
Supernatural Intervention
46%
The Tower
45.4%
% Correct
The Quest
45.3%
Heaven vs Hell
44.7%
The Ritual
44.6%
The Garden
43.5%
The Initiation
39.8%
The Platonic Ideal
39.5%
The Scapegoat
39%
The Field
38.6%
The River
37.7%
The Mountain
37.5%
The Island
37.1%
Friendly Beast
36.5%
The Castle
35.6%
Light vs Darkness
32.6%
The Underworld
31.9%
The Forest
28.2%
The Wasteland
26.3%
The Sea
26.1%
The Inn
25.2%
The Journey
25%
Boats
21.8%
Fire vs Ice
21.7%
Water vs Desert
19.5%
Haven vs Wilderness
14.4%

You're not logged in!

Compare scores with friends on all Sporcle quizzes.
OR
Log In

Sporcle TV

Today on Sporcle TV


Watch our educational content, quiz creation guides, and fun videos on Sporcle TV.

Show Comments

Extras

Created Sep 17, 2013ReportNominate
Tags:Clickable Quiz, Archetype

Top Quizzes Today


Score Distribution

Paid Content

Your Account Isn't Verified!

In order to create a playlist on Sporcle, you need to verify the email address you used during registration. Go to your Sporcle Settings to finish the process.

Report this User

Report this user for behavior that violates our Community Guidelines.

Details: